| 000 | 01112cam a22002655a 4500 | ||
|---|---|---|---|
| 001 | L159686 | ||
| 008 | 150226s2017 xxk f 000 0 eng d | ||
| 035 | _a(Sirsi) u159686 | ||
| 041 | 0 | _aeng | |
| 100 | 1 | _aShepard, Wade | |
| 245 | 0 | 0 | _aAll roads lead to China |
| 260 | _c2017 | ||
| 490 |
_aModus _vFebruary 2017, 14-20 (7) |
||
| 520 | _aDescribes China's $1tn investment in infrastructure across a network of land- and sea-based trade corridors extending across Eurasia. The New Silk Road is a network of complementary development initiatives that are being spearheaded by a group of countries whose mutual interests align over the deeper integration of markets from China to Europe. China kickstarted the process by two trade initiatives: the Silk Road Economic Belt and Maritime Silk Road which should result in One Belt, One Road (OBOR) initiative. | ||
| 590 | _aKA | ||
| 650 | 2 | 4 | _aNEW SILK ROAD |
| 650 | 2 | 4 | _aTRADE DEVELOPMENT |
| 650 | 2 | 4 | _aTRADE AGREEMENTS |
| 650 | 2 | 4 | _atrade co |
| 651 | 4 | _aChina | |
| 651 | 4 | _aAsia | |
| 651 | 4 | _aEurope | |
| 690 |
_aInfrastructure _96246 |
||
| 942 | _n0 | ||
| 999 |
_c84911 _d84911 |
||